Groupes de K-pop - Mort subite - Statistiques

Statistiques générales
  • Ce quiz a été pris 25 922 fois
    22 261 depuis la dernière actualisation
  • Le résultat moyen est 8 sur 20
Answers on the Grid
Answers color-coded by a green-red scale on the quiz's grid according to % correct below.
BANG BANG
Jungkook
Lisa
ABBA
WhiteBlue
2Be3
Babyshark
XXTR
BYD
Phoenix
Gojira
King Devils
BBA
Avicii
Shaka Ponk
Video Club
Girls' Generation
ENHYPEN
P1Harmony
Treasure
Itzy
The Boyz
BLACKPINK
TXT
2NE1
ATEEZ
Stray Kids
TWICE
BabyMonster
EXO
BTS
aespa
I-dle
FIFTY FIFTY
SEVENTEEN
NewJeans
 
Statistiques - réponses
Réponse % Correct
BLACKPINK
72%
BTS
72%
TWICE
52%
Stray Kids
50%
SEVENTEEN
47%
EXO
44%
ATEEZ
41%
ENHYPEN
39%
FIFTY FIFTY
39%
TXT
38%
NewJeans
37%
aespa
35%
Itzy
35%
BabyMonster
33%
I-dle
32%
2NE1
31%
Girls' Generation
31%
P1Harmony
29%
The Boyz
28%
Treasure
22%
Aucun quiz correspondant
Distribution des résultats
% des personnes avec chaque résultat
Percentile par nombre de réponses
Votre historique - résultats
Vous n’avez pas pris ce quiz depuis la dernière actualisation